000 01605cam a2200361 a 4500
999 _c330940
_d330940
001 17459882
003 NUST
005 20180117090028.0
008 120911s2014 caua b 001 0 eng d
010 _a 2012949260
020 _a1285065719 (hbk.)
020 _a9781285065717 (hbk.)
035 _a(OCoLC)ocn823876435
040 _aZ@L
_beng
_cZ@L
_dYDXCP
_dGGB
_dBWX
_dDLC
042 _alccopycat
050 0 0 _aBF637.C6
_bE39 2014
082 0 4 _a158.3
_223
100 1 _aEgan, Gerard.
_94164
245 1 4 _aThe skilled helper :
_ba problem-management and opportunity-development approach to helping /
_cGerard Egan.
250 _a10th ed.
260 _aBelmont, Calif. :
_bBrooks/Cole, Cengage Learning,
_cc2014.
300 _axv, 464 p. :
_bill. ;
_c24 cm.
500 _aIllustration on p. 2 of cover.
500 _aFirst published under the title: The skilled helper: a model for systematic helping and interpersonal relating, c1975.
504 _aIncludes bibliographical references (p. 405-449) and indexes.
520 0 _aInternationally recognised for its successful problem-management approach to effective helping, this book offers a step-by-step guide to the counselling process.
650 0 _aCounseling psychology.
_94077
650 0 _aHelping behavior.
_94165
906 _a7
_bcbc
_ccopycat
_d2
_encip
_f20
_gy-gencatlg
942 _2ddc
_cBK